Το μάνατζμεντ της τουριστικής επιχείρησης : θεωρία και πρακτική προσέγγιση

Saved in:
Bibliographic Details
Main Author: Καραχοντζίτης, Δημήτρης
Other Authors: Κομνηνάκης, Μάρκος
Format: Book
Language:Greek
Published: Αθήνα : Γαλαίος, c1994
Subjects:
Tags: Add Tag
No Tags, Be the first to tag this record!

MARC

LEADER 00000nam a2200000 i 4500
001 1/100775
008 000202s1994 gre d
020 |a 960-7126-09-2 
035 |l 10057412 
040 |a GR-MY-UA  |b gre  |e aacr 
041 0 |a gre 
082 0 |a 338.4791068 
100 1 |a Καραχοντζίτης, Δημήτρης. 
245 1 3 |a Το μάνατζμεντ της τουριστικής επιχείρησης :  |b θεωρία και πρακτική προσέγγιση /  |c Δημήτρης Καραχοντζίτης; Μάρκος Κομνηνάκης 
260 |a Αθήνα :   |b Γαλαίος,   |c c1994 
300 |a 158 σ. 
504 |a Περιλαμβάνει βιβλιογραφία 
650 0 0 |a Tourism  |x Management. 
700 1 |a Κομνηνάκης, Μάρκος. 
852 |a INST  |b CHIOS  |e 20000202  |h 338.4791068 ΚΑΡ  |p 005200019040  |q 005200019040  |t BK  |y 0 
901 |a BIBL2-2000-1 
909 |a Χ  |b 072511 
922 |a 2ΕΛΗ  |b 199912  |c ΤΔΕ  |d ΠΑΠΑΣΩΤΗΡΙΟΥ 
950 |a 112-1999-11-19 
970 |a ΣΑΛΑΜΟΥΡΑ  |b ΜΑΡΙΑ  |z 2000/02/08